000 00278nam a22001217a 4500
082 _a621.381 TER'E
100 _aTERMAN, F. E,PETTIT, J. M
_977807
245 _aELECTRONIC MEASUREMENTS
250 _a2ND
260 _aLONDON
_bMCGRAW HILL
_c1952
300 _a707P
942 _cBK
999 _c583021
_d583021